Siirry sisältöön

Влияние статической и динамической балансовых теорий на формирование информации финансовой отчетности Статья

Tallennettuna:
Bibliografiset tiedot
Päätekijä: Хоружий Л.И
Aineistotyyppi: Статья
Linkit:https://znanium.com/catalog/document?id=249864
https://znanium.com/cover/0851/851082.jpg
Tagit: Lisää tagi
Ei tageja, Lisää ensimmäinen tagi!
LEADER 01593nam0a2200241 i 4500
001 RU\infra-m\znanium\bibl\851082
003 https://znanium.com/catalog/document?id=249864
005 20211203000000.0
100 |a 20211203d2017 m y0rusy0150 ca 
101 0 |a rus 
102 |a RU 
200 1 |a Влияние статической и динамической балансовых теорий на формирование информации финансовой отчетности  |e Статья  |f Российский государственный аграрный университет - МСХА им. К.А. Тимирязева 
210 1 |a Москва  |c ООО "Научно-издательский центр ИНФРА-М"  |d 2017 
215 |a 7 с. 
606 |a Экономика. Бухгалтерский учет. Финансы  |x Финансовый учет  |2 local 
608 |a Статья  |2 local 
675 |a 657  |z rus 
686 |a 6526  |2 rubbk 
700 1 |a Хоружий  |b Л.И.  |g Людмила Ивановна  |p Российский государственный аграрный университет - МСХА им. К.А. Тимирязева 
701 1 |a Дейч  |b У.Ю.  |g Ульяна Юрьевна 
801 0 |a RU  |b Общество с ограниченной ответственностью «ЗНАНИУМ»  |c 20170130  |2 rusmarc 
856 4 |a znanium.com  |m ebs_support@infra-m.ru  |n НИЦ ИНФРА-М  |u https://znanium.com/catalog/document?id=249864 
856 4 1 |a znanium.com  |d /cover/0851  |f 851082.jpg  |q image/jpeg  |u https://znanium.com/cover/0851/851082.jpg